| 000 | 00589nam a22001937a 4500 | ||
|---|---|---|---|
| 003 | OSt | ||
| 008 | 260221b2020 |||||||| |||| 00| 0 eng d | ||
| 020 | _a9789353168414 | ||
| 082 |
_a174.4 _bBIJ-B |
||
| 100 | _aBijalwan, Jyotsna Ghildiyal | ||
| 245 |
_aBusiness ethics and corporate governance / _cJyotsna Ghildiyal bijalwan and Ramesh Chandra Joshi |
||
| 260 |
_aChennai : _bMcGraw Hill Education, _c2020. |
||
| 300 | _axix, 356 p. ; | ||
| 650 | _aEthics - Business | ||
| 650 | _aCorporate - Ethics | ||
| 650 | _aBusiness ethics | ||
| 700 | _aJoshi, Ramesh Chandra | ||
| 942 |
_2ddc _cBK |
||
| 999 |
_c21363 _d21363 |
||